000 00200 a2200097 4500
020 _a9781786283832
041 _aspa
100 _aCourtney Dicmas
245 _aQue locura ala hora de jugar
942 _cK
999 _c26598
_d26598